MESTSKÁ KNIŽNICA GIRALTOVCE  - online katalóg 

Galéria slávy - Osobnosti svetovej politiky (Record no. 21064)

000 -NÁVESTIE
fixed length control field 00377nam a2200145 a 4500
008 - ÚDAJE S PEVNOU DĹŽKOU – VŠEOBECNÉ INFORMÁCIE
fixed length control field 160215s2009|||| d
020 ## - MEDZINÁRODNÉ ŠTANDARDNÉ ČÍSLO KNIHY (ISBN)
Medzinárodné štandardné číslo knihy (ISBN) 978-80-07-01699-6
Údaje o dostupnosti 4,50,-
041 ## - KÓD JAZYKA
Kód jazyka textu/zvukovej stopy alebo samostatných nápisov slo
044 ## - KÓD KRAJINY VYDAVATEĽA/PRODUCENTA
Kód krajiny MARC xo
Kód krajiny ISO SK
245 10 - NÁZOV
Názov Galéria slávy - Osobnosti svetovej politiky
250 ## - ÚDAJ O PORADÍ VYDANIA
Údaj o poradí vydania 1. vydanie
260 ## - VYDAVATEĽSKÉ ÚDAJE, DISTRIBÚCIA ATĎ.
Názov vydavateľa, distibútora atď. Príroda s.r.o.
Miesto publikovania, distribúcie atď. Bratislava
Dátum publikovania, distribúcie atď. 2009
300 ## - FYZICKÝ POPIS
Rozsah 279 s.
958 ## - Formálny deskriptor
Formálny deskriptor APR
Holdings
Stav stiahnutia (Blokovanie) (Withrawn status) Stav straty Stav poškodenia (Damaged status) Nie pre výpožičky (Not for loan) Spôsob nadobudnutia (Collection code) Trvalé umiestnenie Aktuálne umiestnenie Dátum nadobudnutia Náklady, bežná kúpna cena Inventárne číslo (prírastkové číslo) Full call number Dátum posledného výskytu Cena s účinnosťou od Typ jednotky Koha
        Kúpa Mestská knižnica Giraltovce Mestská knižnica Giraltovce 2016-02-11 4.50 19385 I1672 2019-11-29 2019-11-29 Odborná literatúra pre dospelých

Powered by Koha